A TEXTBOOK OF COSMETIC SCIENCE [SEM-VIII] (Record no. 7918)

MARC details
000 -LEADER
fixed length control field 00476nam a22001697a 4500
005 - DATE AND TIME OF LATEST TRANSACTION
control field 20240108144424.0
008 - FIXED-LENGTH DATA ELEMENTS--GENERAL INFORMATION
fixed length control field 220210b ||||| |||| 00| 0 eng d
020 ## - INTERNATIONAL STANDARD BOOK NUMBER
ISBN 978-93-86943-54-5
041 ## - LANGUAGE CODE
Language code of text/sound track or separate title eng
082 ## - DEWEY DECIMAL CLASSIFICATION NUMBER
Classification number 668.55
Item number SIN -T
100 ## - MAIN ENTRY--AUTHOR NAME
Personal name SINGH, DR. SUDARSHAN ,USHIR Dr. YOGESH V AND KATARE YOGESH S
245 ## - TITLE STATEMENT
Title A TEXTBOOK OF COSMETIC SCIENCE [SEM-VIII]
260 ## - PUBLICATION, DISTRIBUTION, ETC. (IMPRINT)
Place of publication PUNE
Name of publisher NIRALI PRAKASHAN
300 ## - PHYSICAL DESCRIPTION
Number of Pages 1.2;p
650 ## - SUBJECT ADDED ENTRY--TOPICAL TERM
Topical Term PHARMACY
General subdivision B.PHARMA
942 ## - ADDED ENTRY ELEMENTS (KOHA)
Koha item type Books
Holdings
Lost status Damaged status Collection code Home library Current library Shelving location Date acquired Source of acquisition Cost, normal purchase price Full call number Accession Number Koha item type
    Reference JRU Library JRU Library SHELF - 18 - I 10/02/2022 PURCHASE 140.00 668.55 26334 Books
    PHARMACY JRU Library JRU Library SHELF - 18 - I 10/02/2022 PURCHASE 140.00 668.55 26335 Books
    PHARMACY JRU Library JRU Library SHELF - 18 - I 10/02/2022 PURCHASE 140.00 668.55 26336 Books